| 000 | 01040nam a22002657a 4500 | ||
|---|---|---|---|
| 003 | PE SENCICO BE | ||
| 005 | 20260305150027.0 | ||
| 008 | 260211b |||||||| |||| 00| 0 eng d | ||
| 040 |
_aPE SENCICO BE _cPE SENCICO BE |
||
| 041 | _aspa | ||
| 082 |
_a690.22 _bG68 |
||
| 100 | 1 |
_aGómez Ramos, Angel _9232 _eautor |
|
| 245 | 1 |
_aConstrucción y supervisión de obras / _cÁngel Gómez Ramos, Katy Ramos Sánchez, ...(y otros] |
|
| 250 | _a1a ed. | ||
| 260 |
_aLima : _bFondo Editorial ICG ; _c2001 |
||
| 300 |
_a159 páginas : _bdiagramas ; _c29 cm |
||
| 505 | 0 | _aSupervisión y control de calidad del concreto -- Programación de obras y costos en obras civiles | |
| 520 | 3 | _aConsideraciones que deberán tenerse en cuenta para el diseño, construcción y supervisión del mismo en la construcción | |
| 650 | 1 | 0 |
_aConstrucción _9339 |
| 650 | 2 | 0 |
_aSupervisión de obras _9564 |
| 650 | 2 | 0 |
_aTecnología del concreto _9477 |
| 710 | 1 |
_aInstituto de la Construcción y Gerencia _9233 |
|
| 910 | _ahfp | ||
| 942 |
_2ddc _cLIB |
||
| 999 |
_c9842 _d9842 |
||